[Event "29th BSG Pinkster Open"]
[Site "Bussum NED"]
[Date "2012.05.28"]
[Round "6.7"]
[White "Lombaers,P"]
[Black "Galje,H"]
[Result "1-0"]
[WhiteElo "2142"]
[BlackElo "2100"]

1.d4 Nf6 2.c4 e6 3.Nc3 Bb4 4.Qc2 O-O 5.a3 Bxc3+ 6.Qxc3 b6 7.Bg5 Bb7 8.e3 d6
9.Ne2 Nbd7 10.Qd3 h6 11.Bh4 c5 12.Nc3 Qe7 13.Rd1 Rfd8 14.d5 e5 15.Be2 e4
16.Qc2 g5 17.Bg3 Nf8 18.f3 exf3 19.gxf3 Qxe3 20.Ne4 Nxe4 21.Rd3 Nxg3 22.Rxe3 Nxh1
23.Re7 Bc8 24.Bd3 Bd7 25.Qg2 Re8 26.Rxe8 Rxe8+ 27.Kd2 f5 28.Qxh1 Ng6 29.b4 Re5
30.bxc5 dxc5 31.a4 Kf8 32.a5 Ke7 33.axb6 axb6 34.Qa1 Kf7 35.Qa7  1-0

[Event "4th Limpedea Cup"]
[Site "Baia Sprie ROU"]
[Date "2012.05.30"]
[Round "11.4"]
[White "Fodor,T jr"]
[Black "Papp,Ga"]
[Result "1/2-1/2"]
[WhiteElo "2502"]
[BlackElo "2552"]

1.d4 Nf6 2.c4 e6 3.Nc3 Bb4 4.Qc2 O-O 5.a3 Bxc3+ 6.Qxc3 d5 7.Bg5 dxc4 8.Qxc4 b6
9.Nf3 Ba6 10.Qa4 c5 11.dxc5 bxc5 12.Rd1 Qb6 13.Rd2 h6 14.Bxf6 gxf6 15.Qg4+ Kh8
16.Qh4 Kg7 17.Qg4+ Kh8  1/2-1/2

[Event "5th Mayors Cup 2012"]
[Site "Mumbai IND"]
[Date "2012.06.08"]
[Round "3.25"]
[White "Akash Pc,I"]
[Black "Udeshi,A"]
[Result "1/2-1/2"]
[WhiteElo "2190"]
[BlackElo "2352"]

1.d4 Nf6 2.c4 e6 3.Nc3 Bb4 4.Qc2 O-O 5.Nf3 c5 6.dxc5 Na6 7.g3 Nxc5 8.Bd2 b6
9.Bg2 Bb7 10.O-O Bxc3 11.Bxc3 Rc8 12.Rfd1 Nfe4 13.Ne5 Nxc3 14.Qxc3 Bxg2 15.Kxg2 d6
16.Nd3 Nb7 17.Qd4 Qd7 18.b3 Rfd8  1/2-1/2

[Event "4th Rheinland-Pfalz Open 2012"]
[Site "Altenkirchen GER"]
[Date "2012.06.09"]
[Round "5.9"]
[White "Shishkin,Va UKR"]
[Black "Dranischnikov,E"]
[Result "1-0"]
[WhiteElo "2492"]
[BlackElo "2341"]

1.d4 Nf6 2.c4 e6 3.Nc3 Bb4 4.Qc2 O-O 5.a3 Bxc3+ 6.Qxc3 b6 7.Bg5 Ba6 8.Nf3 d6
9.Nd2 Nbd7 10.e3 c5 11.dxc5 bxc5 12.Bd3 Qb6 13.O-O d5 14.Rab1 h6 15.Bh4 d4
16.exd4 cxd4 17.Qc2 Bb7 18.b4 Rfc8 19.Nb3 e5 20.c5 Qc7 21.Bf5 Re8 22.b5 Bd5
23.c6 Nb6 24.Bxf6 gxf6 25.Nc5 a5 26.Nd7 Nxd7 27.Bxd7 Red8 28.b6 Qd6 29.Rfc1 Rxd7
30.b7 Rxb7 31.cxb7 Bxb7 32.Rxb7 Qxa3 33.Qd1 Rd8 34.Rcc7 Qa2 35.Rb3 e4 36.Rg3+ Kf8
37.Qc1  1-0

[Event "5th Mayors Cup 2012"]
[Site "Mumbai IND"]
[Date "2012.06.09"]
[Round "4.9"]
[White "Chatterjee,D"]
[Black "Gomez,Joh"]
[Result "0-1"]
[WhiteElo "2316"]
[BlackElo "2507"]

1.d4 Nf6 2.c4 e6 3.Nc3 Bb4 4.Qc2 O-O 5.a3 Bxc3+ 6.Qxc3 d5 7.Bg5 dxc4 8.Qxc4 b6
9.Rd1 Bb7 10.f3 Nbd7 11.e4 Qc8 12.Ne2 c6 13.Qc2 Ba6 14.Nc3 Bxf1 15.Rxf1 c5
16.d5 exd5 17.Nxd5 Nxd5 18.Rxd5 Re8 19.Kf2 Ne5 20.Qc3 Qe6 21.Bf4 Ng6 22.Bg3 Rad8
23.Rfd1 Rxd5 24.Rxd5 Nf8 25.Qd3 Qf6 26.e5 Qc6 27.Qc4 Qe6 28.Qd3 Qc8 29.Bf4 c4
30.Qc3 Ng6 31.Bg3 h5 32.h3 Ne7 33.Rd2 b5 34.Kg1 a6 35.Bf2 Ng6 36.Bd4 Qf5
37.Qc2 Qg5 38.Kh1 h4 39.Rd1 Rd8 40.Bc3 Nf4 41.Rxd8+ Qxd8  0-1

[Event "19th Metropolitan IM"]
[Site "Los Angeles USA"]
[Date "2012.06.10"]
[Round "9"]
[White "Remlinger,L"]
[Black "Kudryavtsev,V"]
[Result "1-0"]
[WhiteElo "2355"]
[BlackElo "2142"]

1.d4 Nf6 2.c4 e6 3.Nc3 Bb4 4.Qc2 O-O 5.a3 Bxc3+ 6.Qxc3 b6 7.Bg5 Bb7 8.e3 d6
9.Ne2 Nbd7 10.Qc2 Rc8 11.Rd1 c5 12.Nc3 cxd4 13.Rxd4 Rc5 14.Bh4 Qa8 15.e4 Re5
16.f3 d5 17.f4 Rh5 18.Bxf6 Nxf6 19.Be2 Rh4 20.cxd5 exd5 21.e5 Ne4 22.O-O Qc8
23.Qd3 Qc5 24.g3 Rh6 25.Rc1 Qc8 26.Bf1 Rg6 27.Qe3 Rc6 28.Nxd5  1-0

[Event "5th Mayors Cup 2012"]
[Site "Mumbai IND"]
[Date "2012.06.11"]
[Round "7.8"]
[White "Chatterjee,D"]
[Black "Deepan,C"]
[Result "1/2-1/2"]
[WhiteElo "2316"]
[BlackElo "2461"]

1.d4 Nf6 2.c4 e6 3.Nc3 Bb4 4.Qc2 O-O 5.a3 Bxc3+ 6.Qxc3 d6 7.Bg5 Nbd7 8.e3 b6
9.Rd1 Ne4 10.Bxd8 Nxc3 11.Bxc7 Nxd1 12.Kxd1 d5 13.cxd5 exd5 14.Bb5 a6 15.Bc6 Ra7
16.Bd6 Rd8 17.Be7 Re8 18.Bh4 Rc7 19.Bxd5 Nf6 20.Bxf6 gxf6 21.Ne2 Be6 22.Nc3 Rec8
23.Bxe6 fxe6 24.Ke2 b5 25.Rd1 Kf7 26.e4 Rc4 27.Rd2 b4 28.axb4 Rxb4 29.f3 Rcb8
30.Nd1 a5 31.d5 a4 32.dxe6+ Kxe6 33.Rc2 h5 34.Rc6+ Kf7 35.Rc7+ Kg6 36.Kf2 Rd8
37.Ne3 Rd2+ 38.Kg3 Rdxb2 39.Nf5  1/2-1/2

[Event "26th Pula Open"]
[Site "Pula CRO"]
[Date "2012.06.12"]
[Round "4.4"]
[White "Fodor,T jr"]
[Black "Mencinger,V"]
[Result "1-0"]
[WhiteElo "2502"]
[BlackElo "2371"]

1.d4 Nf6 2.c4 e6 3.Nc3 Bb4 4.Qc2 O-O 5.e4 d5 6.e5 Ne4 7.Bd3 c5 8.Nf3 Nc6
9.O-O Bxc3 10.bxc3 Qa5 11.Bxe4 dxe4 12.Qxe4 Qxc3 13.Bd2 Qxc4 14.Ng5 g6 15.Qh4 h5
16.Ne4 Nxd4 17.Bh6 Bd7 18.Rad1 Bb5 19.Qf6 Nf5 20.Nd6 Nxh6 21.Nxc4 Bxc4 22.Rfe1 Bb5
23.h3 Kh7 24.g4 hxg4 25.hxg4 Nxg4 26.Qg5 Nh6 27.Re3 Ng8 28.Rh3+ Kg7 29.Qh4 Rfc8
30.Qh8+ Kf8 31.Rh7 Ke7 32.Qg7 Rf8 33.Qxg6 Bc6 34.Rd6 Ke8 35.Rxf7  1-0

[Event "16th Voronezh Master Open"]
[Site "Voronezh RUS"]
[Date "2012.06.12"]
[Round "1.1"]
[White "Turov,M"]
[Black "Lutsko,I"]
[Result "1-0"]
[WhiteElo "2667"]
[BlackElo "2335"]

1.d4 Nf6 2.c4 e6 3.Nc3 Bb4 4.Qc2 O-O 5.a3 Bxc3+ 6.Qxc3 d6 7.f3 Nh5 8.g4 Nf6
9.e4 Ne8 10.Be3 f5 11.exf5 exf5 12.h3 Qh4+ 13.Bf2 Qe7+ 14.Ne2 b5 15.O-O-O Qf7
16.g5 f4 17.d5 c5 18.h4 Na6 19.cxb5 Nac7 20.Qd2 Nxb5 21.h5  1-0

[Event "16th Voronezh Master Open"]
[Site "Voronezh RUS"]
[Date "2012.06.12"]
[Round "1.38"]
[White "Shaydullina,S"]
[Black "Predke,A"]
[Result "0-1"]
[WhiteElo "2173"]
[BlackElo "2454"]

1.d4 Nf6 2.c4 e6 3.Nc3 Bb4 4.Qc2 O-O 5.e4 d5 6.e5 Ne4 7.Bd3 c5 8.Ne2 Nc6
9.a3 cxd4 10.axb4 Nxb4 11.Qb1 dxc3 12.bxc3 Nxd3+ 13.Qxd3 b6 14.cxd5 Nc5 15.Qg3 Qxd5
16.O-O Bb7 17.c4 Qd3 18.Qg4 f5 19.exf6 Rxf6 20.Nf4 Qxc4 21.Ra3 Nb3 22.Be3 e5
23.Qd7 Qe4 24.Rxb3 exf4 25.f3 Qd5 26.Rd3 Qxd7 27.Rxd7 Bc6 28.Re7 fxe3  0-1

[Event "16th Voronezh Master Open"]
[Site "Voronezh RUS"]
[Date "2012.06.13"]
[Round "2.21"]
[White "Zubov,A UKR"]
[Black "Zhurikhin,A"]
[Result "1-0"]
[WhiteElo "2617"]
[BlackElo "2272"]

1.d4 Nf6 2.c4 e6 3.Nc3 Bb4 4.Qc2 O-O 5.a3 Bxc3+ 6.Qxc3 d5 7.e3 b6 8.Nf3 Bb7
9.b3 Nbd7 10.Bb2 c5 11.Be2 Rc8 12.O-O cxd4 13.exd4 dxc4 14.bxc4 b5 15.c5 a6
16.Qb3 Bd5 17.Qe3 Qc7 18.h3 Qb7 19.Rfc1 h6 20.Bc3 Bc6 21.Ba5 Nd5 22.Qd2 Qb8
23.Bf1 Nf4 24.Qe3 Nd5 25.Qe1 Nf4 26.Ne5 Nxe5 27.Qxe5 Qxe5 28.dxe5 Rfe8 29.g3 Ng6
30.Re1 Ne7 31.Rac1 Bd5 32.f4 Nf5 33.Kf2 Nd4 34.Bb6 Rc6 35.Red1 Nf5 36.a4 bxa4
37.Bxa6 Ra8 38.Bb7 Rxb6 39.Bxa8 Rb2+ 40.Ke1 Nxg3 41.Rxd5 exd5 42.c6 Nf5 43.c7 Ne7
44.c8=Q+  1-0

[Event "16th Voronezh Master Open"]
[Site "Voronezh RUS"]
[Date "2012.06.14"]
[Round "3.8"]
[White "Volkov,Sergey1"]
[Black "Predke,A"]
[Result "1-0"]
[WhiteElo "2623"]
[BlackElo "2454"]

1.d4 Nf6 2.c4 e6 3.Nc3 Bb4 4.Qc2 O-O 5.a3 Bxc3+ 6.Qxc3 d6 7.Bg5 Nbd7 8.e3 b6
9.Ne2 Ba6 10.Qc2 Rc8 11.Nc3 c5 12.d5 b5 13.cxb5 Bb7 14.Be2 exd5 15.Bf3 Qb6
16.O-O-O d4 17.Bxb7 Qxb7 18.Bxf6 Nxf6 19.exd4 cxd4 20.Rxd4 Qxg2 21.Rhd1 d5
22.f4 Qxh2 23.R1d3 Qh4 24.Kb1 Ne4 25.f5 Rc5 26.Ka2 Re8 27.Qe2 Qg5 28.Nxe4 dxe4
29.Rxe4 Rxe4 30.Qxe4 h5 31.Rd5 Qg1 32.Rd8+  1-0

[Event "16th Voronezh Master Open"]
[Site "Voronezh RUS"]
[Date "2012.06.15"]
[Round "4.40"]
[White "Avdeeva,Ve"]
[Black "Mikhailov,Vi"]
[Result "1/2-1/2"]
[WhiteElo "2180"]
[BlackElo "2299"]

1.d4 Nf6 2.c4 e6 3.Nc3 Bb4 4.Qc2 O-O 5.a3 Bxc3+ 6.Qxc3 b6 7.Bg5 Bb7 8.f3 c5
9.dxc5 bxc5 10.e3 Qe7 11.Bd3 d5 12.Ne2 Nbd7 13.O-O h6 14.Bh4 Nb6 15.Rac1 Rac8
16.cxd5 Nbxd5 17.Qd2 Nb6 18.Bb1 Rfd8 19.Qc2 Ba6 20.Rfd1 Nbd5 21.e4 Bxe2 22.Qxe2 Nf4
23.Qe3 e5 24.Ba2 g5 25.Be1 Rxd1 26.Rxd1 c4 27.Bc3 Qc7 28.g3 Ne6 29.Kg2 Kh7
30.Bb4 Nd4 31.Rc1 Qb7 32.Rxc4 g4 33.fxg4 Nxg4 34.Qd3 Rd8 35.Bc3 Qb6 36.Rb4 Qf6
37.Bxd4 Rxd4 38.Rxd4 Qf2+ 39.Kh3 h5 40.Kh4 Qf6+ 41.Kh3 Nf2+ 42.Kg2 Nxd3 43.Rxd3 Qc6
44.Rf3 Qc2+ 45.Kh3 Qxe4 46.Rxf7+ Kg6 47.Rf2 Qg4+ 48.Kg2 h4 49.Bb1+ Kg7 50.Bf5 h3+
51.Kg1 Qd1+ 52.Rf1 Qd4+ 53.Rf2 e4 54.Bxh3 e3 55.Re2 Kf6 56.Bg2 Kf5 57.Bf3 Qd1+
58.Kg2 Qc1 59.h4 a5 60.Bh5 Ke4 61.Bf3+ Kd3 62.Bh5 Qc6+ 63.Bf3 Qf6 64.Bg4 a4
65.Bf3 Qf5 66.Re1 Qf6 67.Re2 Qf8 68.Bg4 Ke4 69.Rc2 Qf7 70.Re2 Qf6  1/2-1/2

[Event "26th Pula Open"]
[Site "Pula CRO"]
[Date "2012.06.16"]
[Round "9.8"]
[White "Szabo,Ben"]
[Black "Aguettaz,M"]
[Result "1/2-1/2"]
[WhiteElo "2333"]
[BlackElo "2443"]

1.d4 Nf6 2.c4 e6 3.Nc3 Bb4 4.Qc2 O-O 5.a3 Bxc3+ 6.Qxc3 b6 7.Bg5 Bb7 8.e3 h6
9.Bh4 d6 10.Ne2 Nbd7 11.Qd3 c5 12.Nc3 Qe7 13.Rd1 Rfd8 14.d5 Ne5 15.Qc2 exd5
16.cxd5 Ng6 17.Bg3 Nh5  1/2-1/2

[Event "16th Voronezh Master Open"]
[Site "Voronezh RUS"]
[Date "2012.06.16"]
[Round "5.27"]
[White "Papayan,O"]
[Black "Peskov,A"]
[Result "0-1"]
[WhiteElo "2294"]
[BlackElo "2394"]

1.d4 Nf6 2.c4 e6 3.Nc3 Bb4 4.Qc2 O-O 5.a3 Bxc3+ 6.Qxc3 d6 7.Bg5 Nbd7 8.f3 Re8
9.e4 e5 10.Bd3 exd4 11.Qxd4 c5 12.Qxd6 Nxe4 13.Bxe4 Qxg5 14.Qd2 Qh4+ 15.g3 Qh5
16.Ne2 Nf6 17.O-O Nxe4 18.fxe4 Bg4 19.Nf4 Qh6 20.Qc2 Rad8 21.Nd5 Qd6 22.Rf4 Bh5
23.Re1 Bg6 24.Qf2 b6 25.a4 Re5 26.Re3 Rde8 27.Qe2 f6 28.Kf2 Qc6 29.b3 Qd6
30.Qe1 R5e6 31.Qe2 Qe5 32.Qd3 Qd4 33.Qxd4 cxd4 34.Rd3 Rxe4 35.Rxe4 Rxe4 36.Nb4 a5
37.Nd5 Re6 38.Rxd4 Bc2 39.Rd2 Bxb3 40.Rb2 Bxa4 41.Nxb6 Bc6 42.Nc8 Kf8 43.Na7 Be8
44.Nb5 Re5 45.Nd6 Bd7 46.Rb6 Ke7 47.Ra6 g6 48.h4 h5 49.Nb7 a4 50.c5 Re2+
51.Kf3 Rb2 52.Nd6 Rc2 53.Nb7 Rc3+ 54.Kf4 a3 55.Nd6 Rxc5 56.Ne4 Rc4 57.Ke3 Ra4  0-1

[Event "65th ch-RUS HL w"]
[Site "Tyumen RUS"]
[Date "2012.06.17"]
[Round "2"]
[White "Schepetkova,M"]
[Black "Pogonina,N"]
[Result "1/2-1/2"]
[WhiteElo "2181"]
[BlackElo "2447"]

1.d4 Nf6 2.c4 e6 3.Nc3 Bb4 4.Qc2 O-O 5.e4 d6 6.Bd3 Nc6 7.Ne2 e5 8.O-O exd4
9.Nd5 Nd7 10.a3 Bc5 11.b4 Bb6 12.Bb2 Nce5 13.Nxb6 axb6 14.Nxd4 Nxd3 15.Qxd3 Ne5
16.Qg3 f6 17.Rac1 Qe7 18.f4 Nc6 19.Nxc6 bxc6 20.e5 dxe5 21.fxe5 f5 22.e6 c5
23.Qe5 cxb4 24.axb4 Bxe6 25.Rce1 Rae8 26.c5 bxc5 27.bxc5 Qf7 28.Qg3 c6 29.Be5 Bc8
30.Bd6 Rxe1 31.Rxe1 Re8 32.Rxe8+ Qxe8 33.Qe5 Be6 34.Kf2 h6 35.h4 Kh7 36.g3 Qf7
37.Bc7 Bd5 38.Ba5 Qa7 39.Qc3 Be4 40.Ke3 Qb8 41.Kd4 Qb7 42.Bb4 Qc7 43.Ba3 Qe7
44.Bb2 Bd5 45.Qe3 Qb7 46.Bc3 Be4 47.Qd2 Qb5 48.Bb2 Bd5 49.Qc2 Qb4+ 50.Ke5 Qe1+
51.Kf4 Kg8 52.Bd4 Qf1+ 53.Qf2 Qb1 54.Qe2 Kh7 55.Qe5 Qc1+ 56.Qe3 Qd1 57.Ke5 Qh5
58.Kd6 Be4 59.Qf4 Qg6+ 60.Ke7 Bd5 61.Qe5 Qf7+ 62.Kd6 Kg8 63.Bc3 Qf8+ 64.Qe7 Qb8+
65.Qc7 Qxc7+ 66.Kxc7 Kf7 67.Kd6 g5 68.hxg5 hxg5 69.Ke5 Kg6 70.Bd2  1/2-1/2

[Event "Hotel El Aguila GM"]
[Site "Utebo ESP"]
[Date "2012.06.19"]
[Round "3.4"]
[White "Pogorelov,R"]
[Black "Cuartas,Ja"]
[Result "1/2-1/2"]
[WhiteElo "2408"]
[BlackElo "2523"]

1.d4 Nf6 2.c4 e6 3.Nc3 Bb4 4.Qc2 O-O 5.a3 Bxc3+ 6.Qxc3 b6 7.Bg5 Bb7 8.e3 d6
9.Qc2 h6 10.Bh4 Nbd7 11.Ne2 c5 12.dxc5 Nxc5 13.Nc3 Qe7 14.f3 Rfd8 15.Be2 Rac8
16.O-O d5 17.Rad1 dxc4 18.Bxc4 Ncd7 19.Ba2 Ne5 20.Rxd8+  1/2-1/2

[Event "16th Voronezh Master Open"]
[Site "Voronezh RUS"]
[Date "2012.06.21"]
[Round "9.9"]
[White "Volkov,Sergey1"]
[Black "Antipov,M2"]
[Result "1-0"]
[WhiteElo "2623"]
[BlackElo "2433"]

1.d4 Nf6 2.c4 e6 3.Nc3 Bb4 4.Qc2 O-O 5.a3 Bxc3+ 6.Qxc3 d6 7.Bg5 Nbd7 8.e3 b6
9.Ne2 Bb7 10.Qd3 Qe8 11.Nc3 e5 12.Be2 h6 13.Bh4 exd4 14.Qxd4 Ne4 15.Nd5 c5
16.Qd3 Bxd5 17.Qxd5 g5 18.Bg3 Ndf6 19.Qd3 Rd8 20.O-O-O Kg7 21.Bf3 d5 22.Bxe4 dxe4
23.Qc3 Qe7 24.Qe5 Qxe5 25.Bxe5 Kg6 26.h3 Rfe8 27.Bc3 Nh5 28.Kc2  1-0

[Event "40th TCh-GRE 2012"]
[Site "Achaea GRE"]
[Date "2012.07.01"]
[Round "2.5"]
[White "Kosmas Lekkas,D"]
[Black "Konstantinidis,K"]
[Result "1-0"]
[WhiteElo "2167"]
[BlackElo "1949"]

1.d4 Nf6 2.c4 e6 3.Nc3 Bb4 4.Qc2 O-O 5.a3 Bxc3+ 6.Qxc3 d6 7.Bg5 Nbd7 8.e3 Qe7
9.Ne2 Re8 10.Ng3 h6 11.Bxf6 Qxf6 12.Be2 e5 13.dxe5 Qxe5 14.Qc2 Nc5 15.O-O a5
16.b3 Bd7 17.Rad1 Bc6 18.Rd4 Ne4 19.Bf3 Nxg3 20.hxg3 Bxf3 21.gxf3 g6 22.Kg2 Kg7
23.Rh1 b6 24.b4 axb4 25.axb4 Qf6 26.c5 dxc5 27.bxc5 Re5 28.cxb6 cxb6 29.Rf4 Rf5
30.Rxf5 gxf5 31.Rb1 Re8 32.Qc7 Re6 33.Rb5 Rc6 34.Qa7 Re6 35.Rb4 Qg6 36.Qa1+ Kh7
37.Qb1 Rc6 38.Rb5 Rf6 39.Qd3 h5 40.Qd4 Rd6 41.Qf4 Rf6 42.Kh3 Qh6 43.Qe5 Qg5
44.e4 Kg6 45.Qd4 Qc1 46.exf5+ Rxf5 47.Rxb6+ f6 48.Kg2 Qc5 49.Rxf6+  1-0

[Event "NIKI Open 2012"]
[Site "Nachod CZE"]
[Date "2012.07.01"]
[Round "2.5"]
[White "Gerych,J"]
[Black "Kulhanek,T"]
[Result "1/2-1/2"]
[WhiteElo "2052"]
[BlackElo "2383"]

1.d4 Nf6 2.c4 e6 3.Nc3 Bb4 4.Qc2 O-O 5.Nf3 c5 6.dxc5 Na6 7.a3 Bxc3+ 8.Qxc3 Nxc5
9.Bg5 Nce4 10.Bxf6 Nxf6 11.e3 b6 12.Be2 Ba6 13.Qd4 Rc8 14.Rd1 d5 15.cxd5 Bxe2
16.Kxe2 Nxd5 17.Rc1 Qd7 18.Rhd1 Qb5+ 19.Ke1 h6 20.Qd2 Nf6 21.Rxc8 Rxc8 22.Rc1 Re8
23.Qe2 Qd7 24.Kf1 Rc8 25.Rxc8+ Qxc8 26.Qd1 Ne4 27.h3 f6 28.Nd4 Kf7 29.Qc2 Qxc2
30.Nxc2 e5 31.Ke2 Ke6 32.f3 Nd6 33.e4 Nc4 34.b3 Na5 35.b4 Nc4 36.Kd3 b5 37.Ke2 g6
38.g4 f5 39.h4 f4 40.Kd3 Nb2+  1/2-1/2

[Event "Stockholm Master Open 2012"]
[Site "Stockholm SWE"]
[Date "2012.07.01"]
[Round "6.1"]
[White "Akesson,R"]
[Black "Lindgren,P"]
[Result "1-0"]
[WhiteElo "2433"]
[BlackElo "2230"]

1.d4 Nf6 2.c4 e6 3.Nc3 Bb4 4.Qc2 O-O 5.a3 Bxc3+ 6.Qxc3 d5 7.Nf3 dxc4 8.Qxc4 b6
9.Bg5 Ba6 10.Qc2 c5 11.dxc5 bxc5 12.e4 Bxf1 13.Kxf1 Qb6 14.Bxf6 gxf6 15.e5 fxe5
16.Nxe5 Nc6 17.Nxc6 Qxc6 18.h4 Rfd8 19.Rh3 Rd4 20.Kg1 Rad8 21.Re1 Qd5 22.Qc3 Rd1
23.Rg3+ Kf8 24.Qg7+ Ke7 25.Rxd1 Qxd1+ 26.Kh2 Qd4 27.Qg5+ Kd7 28.Rf3 f5 29.Qh6 Qe5+
30.g3 Qxb2 31.Qxh7+ Kc6 32.Qxa7 Rd2 33.Kg2 c4 34.Rf4 Qc2 35.h5 e5 36.Qa6+ Kd7
37.Qb5+ Kd6 38.Qb8+ Ke6 39.Qg8+ Ke7 40.Qg7+ Ke6 41.Qg6+ Kd5 42.Rxf5 Qe4+
43.Rf3 Rb2 44.Qf7+ Kd4 45.Kh2 Rb1 46.Qa7+ Kd5 47.Qa8+ Kd4 48.Qa7+ Kd5 49.Qa5+ Ke6
50.Qa6+ Kd5 51.h6 Qe1 52.Kh3 Qe2 53.Qa8+ Kd4 54.Qd8+ Kc5 55.Qc7+ Kd5 56.Qf7+ Kc5
57.Qf8+ Kd5 58.Kh4 Qe4+ 59.Kg5 Rb6 60.Qa8+ Kd4 61.Qxe4+ Kxe4 62.Rf8 Rb7 63.Kg6 Rb6+
64.Kg7 Rb7+ 65.Kg8 c3 66.Rc8 Kd3 67.h7  1-0

[Event "40th TCh-GRE 2012"]
[Site "Achaea GRE"]
[Date "2012.07.02"]
[Round "4.3"]
[White "Tsarouha,Ma"]
[Black "Vatkali,D"]
[Result "0-1"]
[WhiteElo "1811"]
[BlackElo "1943"]

1.d4 Nf6 2.c4 e6 3.Nc3 Bb4 4.Qc2 O-O 5.a3 Bxc3+ 6.Qxc3 d5 7.Bg5 dxc4 8.Qxc4 b6
9.f3 Ba6 10.Qc3 Nbd7 11.O-O-O Rc8 12.Kb1 Ne4 13.Bxd8 Nxc3+ 14.bxc3 Rfxd8
15.Nh3 c5 16.e4 Bxf1 17.Rhxf1 cxd4 18.cxd4 Rc4 19.Nf4 Nf6 20.Ne2 Kf8 21.Rc1 Ra4
22.Kb2 Rd7 23.Rc8+ Ke7 24.Rfc1 Ne8 25.R1c3 b5 26.Kb3 Nd6 27.R8c7 Nc4 28.Rxd7+ Kxd7
29.Ka2 Nb6 30.Rb3 a6 31.Rb4 Rxb4 32.axb4 Nc4 33.Nc3 Ne3 34.Kb3 Nxg2 35.d5 Ne3
36.dxe6+ fxe6 37.e5 Nf1 38.f4 Nxh2 39.Ne4 Nf3 40.Nc5+ Ke7 41.Nxa6 h5 42.Nc7 h4
43.f5 h3 44.Nxe6 h2  0-1

[Event "Perla Baltyku Open 2012"]
[Site "Lazy POL"]
[Date "2012.07.02"]
[Round "3.6"]
[White "Harazinska,Ewa"]
[Black "Weichhold,P"]
[Result "0-1"]
[WhiteElo "1933"]
[BlackElo "2325"]

1.d4 Nf6 2.c4 e6 3.Nc3 Bb4 4.Qc2 O-O 5.e4 d6 6.Nf3 e5 7.Bd3 exd4 8.Nxd4 Re8
9.f3 d5 10.cxd5 c6 11.d6 Qxd6 12.Be3 Bc5 13.Nce2 Nd5 14.exd5 Rxe3 15.O-O-O g6
16.Nb3 Bb6 17.Be4 Na6 18.dxc6 Qe7 19.Nc3 bxc6 20.Bxc6 Nb4 21.Nd5 Nxd5 22.Rxd5 Rb8
23.Nd4 Ba6 24.Rd1 Bxd4 25.R5xd4 Re2 26.R1d2 Rxd2 27.Qxd2 Rc8 28.Rd6 Bb7 29.Qd5 Qc7
30.Rd7 Qxc6+ 31.Qxc6 Bxc6 32.Rxa7 Bxf3+ 33.Kd2 Bxg2 34.a4 Rb8 35.Kc3 f5 36.b4 f4
37.Rd7 f3 38.Rd2 Rc8+ 39.Kb3 Bf1 40.b5 Be2  0-1

[Event "40th TCh-GRE 2012"]
[Site "Achaea GRE"]
[Date "2012.07.04"]
[Round "6.5"]
[White "Samakas,Anastasios"]
[Black "Ontabasidis,Aristidis"]
[Result "1/2-1/2"]
[WhiteElo "1470"]
[BlackElo "1588"]

1.d4 Nf6 2.c4 e6 3.Nc3 Bb4 4.Qc2 O-O 5.a3 Bxc3+ 6.bxc3 d6 7.Bg5 h6 8.Bh4 Qe7
9.e4 e5 10.d5 Nbd7 11.Nf3 Re8 12.Be2 Nf8 13.Nd2 Ng6 14.Bg3 Rf8 15.f3 Nh5
16.Nf1 f5 17.Bf2 fxe4 18.fxe4 Nhf4 19.Bf3 Qg5 20.Bg3 Bg4 21.Bxg4 Qxg4 22.Ne3 Qg5
23.Nf5 Ne7 24.h4 Qf6 25.Nxe7+ Qxe7 26.Bxf4 exf4 27.Kf2 Rae8 28.Rae1 Qe5 29.Qd3 b6
30.Qd4 Rf7 31.Rh3 Rfe7 32.Kf3 Rf7 33.Qxe5 Rxe5 34.h5 Rg5 35.Rf1 Kf8 36.Rf2 Ke7
37.Ke2 Kd7 38.g3 Rg4 39.gxf4 Rfxf4 40.Rxf4 Rxf4 41.Ke3 Rg4 42.Kf3 Rg5 43.Rh2 Ke7
44.Kf4 Kf6 45.Ke3 Ke5 46.Rh4 Rg3+ 47.Kd2 Rf3 48.Rg4 Kf6 49.Rg6+ Kf7 50.Re6 Rh3
51.e5 dxe5 52.Rxe5 Rf3 53.Kc2 g6 54.Re6 Rf6 55.hxg6+ Rxg6 56.Re5 Rf6 57.Kb3 Rg6
58.Kb4 a6 59.a4 Rg5 60.Re6 c5+ 61.Kb3 Rg6 62.Re5 a5 63.Rf5+ Rf6 64.Re5 Kg6
65.Re8 Kg5 66.Re5+ Kg6  1/2-1/2

[Event "40th TCh-GRE 2012"]
[Site "Achaea GRE"]
[Date "2012.07.05"]
[Round "7.3"]
[White "Betsakos,Konstantinos"]
[Black "Apostolakakis,Konstantinos"]
[Result "0-1"]
[WhiteElo "1407"]
[BlackElo "1743"]

1.d4 Nf6 2.c4 e6 3.Nc3 Bb4 4.Qc2 O-O 5.Bd2 b6 6.f3 d5 7.e3 Bb7 8.Bd3 c5 9.Nge2 Nc6
10.a3 Bxc3 11.Bxc3 h6 12.Rd1 Qe7 13.O-O Rac8 14.Qb3 Ba6 15.dxc5 bxc5 16.Bxf6 Qxf6
17.Rf2 dxc4 18.Bxc4 Na5 19.Qa4 Nxc4 20.Qxa6 Nxb2 21.Rd2 c4 22.Qxa7 c3 23.Rc2 Rfd8
24.Qa5 Nd1 25.Nd4 Nxf2 26.Kxf2 e5 27.Nb5 Qh4+ 28.Ke2 Qxh2 29.Rxc3 Qxg2+ 30.Ke1 Qg1+
31.Ke2 Qd1+ 32.Kf2 Rd2+ 33.Kg3 Qg1+  0-1

[Event "35th Barbera Open A"]
[Site "Barbera del Valles ESP"]
[Date "2012.07.05"]
[Round "2.9"]
[White "Moreno Ruiz,J"]
[Black "Bulmaga,I"]
[Result "1/2-1/2"]
[WhiteElo "2504"]
[BlackElo "2371"]

1.d4 Nf6 2.c4 e6 3.Nc3 Bb4 4.Qc2 O-O 5.a3 Bxc3+ 6.Qxc3 b6 7.Bg5 Bb7 8.f3 d6
9.e4 c5 10.dxc5 bxc5 11.Rd1 Nc6 12.Bxf6 gxf6 13.Bd3 Nd4 14.Ne2 Nxe2 15.Bxe2 Qe7
16.O-O a5 17.Rd2 a4 18.Qe3 Kh8 19.f4 Rg8 20.Bf3 Ra6 21.e5 Bxf3 22.Rxf3 dxe5
23.fxe5 f5 24.Qf2 Rg4 25.Rf4 Rxf4 26.Qxf4 Ra8 27.Rd6 Rb8 28.Qh6 Rd8 29.Qd2 Rb8
30.Rd7 Qh4 31.h3 Qe4 32.Rxf7 Qxe5 33.Rd7 f4 34.Qc2 Qe1+ 35.Kh2 Qg3+ 36.Kg1 Qe1+
37.Kh2 Qg3+  1/2-1/2

[Event "7th Wroclaw Open A"]
[Site "Wroclaw POL"]
[Date "2012.07.05"]
[Round "4.15"]
[White "Stremavicius,T"]
[Black "Zmarzly,A"]
[Result "1/2-1/2"]
[WhiteElo "2221"]
[BlackElo "2049"]

1.d4 Nf6 2.c4 e6 3.Nc3 Bb4 4.Qc2 O-O 5.Bg5 h6 6.Bh4 d6 7.Nf3 Nbd7 8.O-O-O Bxc3
9.Qxc3 Qe7 10.Nd2 e5 11.f3 Re8 12.Bf2 c5 13.e3 a6 14.Bd3 b5 15.Bc2 Bb7 16.g4 d5
17.cxb5 axb5 18.dxc5 Nxc5 19.Kb1 Na4 20.Qd3 Nc5 21.Qc3 Na4 22.Qd3 Nc5 23.Qc3 Na4
24.Qd3  1/2-1/2

[Event "St. Pauli Open 2012"]
[Site "Hamburg GER"]
[Date "2012.07.07"]
[Round "1.2"]
[White "Hartkopf,Uwe"]
[Black "Huschenbeth,N"]
[Result "0-1"]
[WhiteElo "2038"]
[BlackElo "2521"]

1.d4 Nf6 2.c4 e6 3.Nc3 Bb4 4.Qc2 O-O 5.a3 Bxc3+ 6.Qxc3 d6 7.Bg5 Nbd7 8.Nf3 h6
9.Bh4 b6 10.e3 Bb7 11.Bd3 e5 12.dxe5 Nxe5 13.Nxe5 dxe5 14.O-O Qe7 15.Rad1 Rad8
16.Bc2 Qe6 17.Rxd8 Rxd8 18.Rd1 Rxd1+ 19.Bxd1 Ne4 20.Qd3 Nd6 21.b3 f5 22.f4 exf4
23.exf4 Kh7 24.Qe2 Ne4 25.Bc2 Qd6 26.Bxe4 Bxe4 27.Qe3 Qxa3 28.g4 Qb2 29.Bf2 Qb1+
30.Qe1 Qxb3 31.c5 Qf3  0-1

[Event "86th ch-ARG 2012"]
[Site "La Plata ARG"]
[Date "2012.07.07"]
[Round "4.4"]
[White "Krysa,L"]
[Black "Ricardi,P"]
[Result "1-0"]
[WhiteElo "2424"]
[BlackElo "2500"]

1.d4 Nf6 2.c4 e6 3.Nc3 Bb4 4.Qc2 O-O 5.a3 Bxc3+ 6.Qxc3 d5 7.Nf3 b6 8.Bg5 Ba6
9.e3 Nbd7 10.cxd5 Bxf1 11.Rxf1 exd5 12.Ne5 Re8 13.Nxd7 Qxd7 14.Bxf6 gxf6
15.O-O-O Rab8 16.Kb1 Rec8 17.Rc1 c5 18.dxc5 bxc5 19.Qxf6 Rc6 20.Qg5+ Rg6
21.Qe5 Qb5 22.Rfd1 Re6 23.Qc3 Qb7 24.Rc2 Rb6 25.Rdd2 c4 26.Qe5 Rb5 27.a4 c3
28.axb5 cxd2 29.Rxd2 Qxb5 30.Qg5+ Kf8 31.Qxd5 Qf1+ 32.Rd1 Qe2 33.Qd6+ Kg7
34.Qe5+  1-0

[Event "5th Int ch-Central Serbia 2012"]
[Site "Paracin SRB"]
[Date "2012.07.07"]
[Round "3.14"]
[White "Kislik,E"]
[Black "Cvetanovic,U"]
[Result "1-0"]
[WhiteElo "2408"]
[BlackElo "2225"]

1.d4 Nf6 2.c4 e6 3.Nc3 Bb4 4.Qc2 O-O 5.Nf3 c5 6.dxc5 Bxc5 7.g3 d5 8.cxd5 Nxd5
9.Nxd5 Qxd5 10.Bg2 Qc6 11.Qd3 Qb6 12.O-O Rd8 13.Qc2 f6 14.Bd2 Nc6 15.Rac1 Be7
16.Be3 Qa6 17.a3 e5 18.Nh4 Bd7 19.Be4 Rac8 20.Bxh7+ Kf8 21.Qb3  1-0

[Event "4th Rethymno Open"]
[Site "Rethymno GRE"]
[Date "2012.07.07"]
[Round "1.2"]
[White "Chernukhin,Alexander"]
[Black "Kryvoruchko,Y"]
[Result "0-1"]
[WhiteElo "1991"]
[BlackElo "2672"]

1.d4 Nf6 2.c4 e6 3.Nc3 Bb4 4.Qc2 O-O 5.Nf3 d6 6.Bd2 b6 7.e4 e5 8.dxe5 dxe5
9.Nd5 Bxd2+ 10.Nxd2 Nc6 11.Bd3 Nd4 12.Qc3 c6 13.Nxf6+ Qxf6 14.c5 Qg5 15.O-O-O Rd8
16.Kb1 Be6 17.Bc4 Qxg2 18.Bxe6 Nxe6 19.cxb6 axb6 20.Qe3 Qg4 21.Rc1 Nd4 22.f3 Qe6
23.b3 Qe7 24.Qc3 Ne2 25.Qxc6 Nxc1 26.Rxc1 Qa3 27.Qc2 b5 28.Nf1 Qa7 29.Ng3 g6
30.Ne2 Qe3 31.Rd1 Rxd1+ 32.Qxd1 Qxf3 33.Qc2 Rd8 34.Nc3 Rc8  0-1

[Event "86th ch-ARG 2012"]
[Site "La Plata ARG"]
[Date "2012.07.08"]
[Round "6.1"]
[White "Krysa,L"]
[Black "Mareco,S"]
[Result "1/2-1/2"]
[WhiteElo "2424"]
[BlackElo "2586"]

1.d4 Nf6 2.c4 e6 3.Nc3 Bb4 4.Qc2 O-O 5.a3 Bxc3+ 6.Qxc3 d6 7.g3 e5 8.dxe5 dxe5
9.Bg2 Re8 10.Nf3 Nc6 11.Be3 Bg4 12.b4 a5 13.b5 Nd4 14.Rd1 Bxf3 15.Bxf3 Nxf3+
16.exf3 Qc8 17.O-O h5 18.Bg5 Nh7 19.Bc1 Qf5  1/2-1/2